000 00708nam a2200193 i 4500
001 38590
003 ES-MaACL
005 20240306144902.0
007 t|
008 030226s1882 sp ||||1| spa d
100 1 _aCaminero Muñoz, Francisco Javier.
_934077
245 1 0 _aEstudios críticos sobre el Nuevo Testamento
_b: conferencias dadas en el Círculo de la Unión Católica /
_cFrancisco Javier Caminero Muñoz.
260 _aMadrid :
_b[s.n.,
_c1882] (
_fTip. Contenberg)
300 _aXIV, 375 p. ;
_c18 cm.
630 4 _aBiblia.
_pN.T.-
_xCrítica e interpretación
_9119291
710 2 _aCírculo de la Unión Católica.
_9147256
852 _aES-MaACL
_jD-976
999 _c38590
_d38590